Villes ayant accueilli une franchise NBA - Statistiques

Statistiques générales
  • Ce quiz a été pris 1 451 fois
  • Le résultat moyen est 25 sur 45
Statistiques - réponses
Ville % Correct
Los Angeles
97%
New York
94%
Boston
89%
Miami
89%
Chicago
87%
Dallas
85%
San Antonio
84%
Washington
83%
Houston
82%
Seattle
81%
Denver
80%
Toronto
80%
Atlanta
79%
Philadelphie
78%
Detroit
77%
San Francisco
77%
Orlando
75%
Charlotte
73%
Sacramento
73%
Milwaukee
72%
Phoenix
72%
Portland
72%
Memphis
68%
Oklahoma City
66%
Cleveland
65%
La Nouvelle-Orléans
64%
Indianapolis
63%
Minneapolis
61%
Salt Lake City
58%
Vancouver
52%
San Diego
42%
Baltimore
41%
Saint-Louis
36%
Oakland
33%
Kansas City
23%
Cincinnati
21%
Pittsburgh
17%
Buffalo
14%
Syracuse
10%
Rochester
7%
Fort Wayne
5%
Providence
5%
Waterloo
3%
Anderson
2%
Sheboygan
2%
Aucun quiz correspondant
Distribution des résultats
% des personnes avec chaque résultat
Percentile par nombre de réponses
Votre historique - résultats
Vous n’avez pas pris ce quiz